Going to the sea park / (Record no. 6790)

MARC details
000 -LEADER
fixed length control field 01082cam a22003377a 4500
001 - CONTROL NUMBER
control field 6790
003 - CONTROL NUMBER IDENTIFIER
control field FISKH
005 - DATE AND TIME OF LATEST TRANSACTION
control field 20250528120243.0
008 - FIXED-LENGTH DATA ELEMENTS--GENERAL INFORMATION
fixed length control field 090320s2009 nyua 000 0 eng
010 ## - LIBRARY OF CONGRESS CONTROL NUMBER
LC control number 2009925074
020 ## - INTERNATIONAL STANDARD BOOK NUMBER
International Standard Book Number 9780060835545 (trade bdg.)
020 ## - INTERNATIONAL STANDARD BOOK NUMBER
International Standard Book Number 9780060835538 (lib. bdg.)
040 ## - CATALOGING SOURCE
Original cataloging agency DLC
Transcribing agency DLC
Modifying agency DLC
Language of cataloging eng
050 ## - LIBRARY OF CONGRESS CALL NUMBER
Classification number PZ7.M462 G
082 ## - DEWEY DECIMAL CLASSIFICATION NUMBER
Classification number 813
100 1# - MAIN ENTRY--PERSONAL NAME
Personal name Mayer, Mercer,
Dates associated with a name 1943-
245 10 - TITLE STATEMENT
Title Going to the sea park /
Statement of responsibility, etc. by Mercer Mayer.
260 ## - PUBLICATION, DISTRIBUTION, ETC.
Place of publication, distribution, etc. New York :
Name of publisher, distributor, etc. Harper,
Date of publication, distribution, etc. 2009.
300 ## - PHYSICAL DESCRIPTION
Extent 32 pages :
Other physical details color illustrations ;
Dimensions 23 cm
490 0# - SERIES STATEMENT
Series statement I can read! My first, shared reading
500 ## - GENERAL NOTE
General note "Mercer Mayer's Little critter"--Cover.
505 ## - FORMATTED CONTENTS NOTE
Formatted contents note G<br/>
520 ## - SUMMARY, ETC.
Summary, etc. "Little Critter and his classmates are taking a trip to the Sea Park, join Little Critter as he learns about exciting and strange sea creatures.
521 8# - TARGET AUDIENCE NOTE
Target audience note 330<br/>
521 8# - TARGET AUDIENCE NOTE
Target audience note 330<br/>
Source Lexile<br/>
521 8# - TARGET AUDIENCE NOTE
Target audience note G<br/>
Source Raz-Plus<br/>
650 ## - SUBJECT ADDED ENTRY--TOPICAL TERM
Topical term or geographic name entry element Aquarium
Form subdivision Ocean
906 ## - LOCAL DATA ELEMENT F, LDF (RLIN)
a 7
b cbc
c orignew
d 4
e epcn
f 20
g y-gencatlg
942 ## - ADDED ENTRY ELEMENTS (KOHA)
Source of classification or shelving scheme Dewey Decimal Classification
Koha item type Books
Suppress in OPAC No
Holdings
Withdrawn status Lost status Source of classification or shelving scheme Damaged status Not for loan Collection Home library Current library Shelving location Date acquired Total Checkouts Full call number Barcode Date due Date last seen Date last checked out Copy number Price effective from Koha item type
    Dewey Decimal Classification     Juvenile Fiction Footprints International School Library Network Toul Kork Campus Footprints International School Library Network Toul Kork Campus TK Primary Library Room(4th Floor), Bookcase 7, Shelves 57-60, Dark Green Books 05/28/2025 1 MAY 813 PZ7.M462 G FISTK02104 03/26/2026 03/12/2026 03/12/2026 1 05/28/2025 Books